000 00351nam a2200133Ia 4500
005 20260328101445.0
008 260328s9999||||xx |||||||||||||| ||und||
100 _aHeskett, John
245 0 _aDesign :
_b A very short Introduction /
_cJohn Heskett
260 _bOxford University Press
300 _a148 p.
650 _aDISEÑO INDUSTRIAL
942 _cBK
999 _c8415
_d8415